[Event "Bad Sooden-Allendorf Seniors op 14th"]
[Site "Bad Sooden-Allendorf"]
[Date "2002.04.29"]
[Round "8"]
[White "Burmeister, Klaus"]
[Black "Thomas, Johann"]
[Result "0-1"]
[WhiteElo "1800"]
[BlackElo "1396"]
[PlyCount "87"]
[EventDate "2002.04.??"]
[EventType "swiss"]
[EventRounds "9"]
[EventCountry "GER"]
[SourceTitle "EXT 2006"]
[Source "ChessBase"]
[SourceDate "2005.11.24"]
[SourceVersion "1"]
[SourceVersionDate "2005.11.24"]
[SourceQuality "1"]

1. d4 e6 2. c4 Be7 3. Nc3 c6 4. e4 d6 5. Nf3 Nd7 6. Bd3 a6 7. Be3 h6 8. Qd2 Ngf6 9. h3 Nh7 10. h4 Nb6 11. Qc2 Nf8 12. 0-0-0 Bd7 13. g4 Qc7 14. c5 dxc5 15. dxc5 Nc8 16. Nd2 Ng6 17. g5 h5 18. Ne2 e5 19. Ng3 Na7 20. Nf5 Bxf5 21. exf5 Nf4 22. Ne4 0-0-0 23. Bc4 Nd5 24. Bd2 Nb5 25. Be3 Kb8 26. a4 Na7 27. Qb3 Nxe3 28. fxe3 Ka8 29. Bxf7 Qa5 30. Qc4 b5 31. cxb6 Qxb6 32. Qe2 Qb4 33. Qc2 Rb8 34. Rd7 Bd8 35. Rhd1 Bb6 36. Bxh5 Bxe3+ 37. Kb1 Bd4 38. Rd2 Rxh5 39. f6 gxf6 40. gxf6 Rxh4 41. Nd6 Rh1+ 42. Ka2 Bxb2 43. Qxb2 Qxa4+ 44. Qa3 0-1

[Event "Bad Sooden-Allendorf Seniors op 14th"]
[Site "Bad Sooden-Allendorf"]
[Date "2002.04.24"]
[Round "3"]
[White "Potthammel, Joerg"]
[Black "Burmeister, Klaus"]
[Result "1-0"]
[WhiteElo "2073"]
[BlackElo "1800"]
[PlyCount "121"]
[EventDate "2002.04.??"]
[EventType "swiss"]
[EventRounds "9"]
[EventCountry "GER"]
[SourceTitle "EXT 2006"]
[Source "ChessBase"]
[SourceDate "2005.11.24"]
[SourceVersion "1"]
[SourceVersionDate "2005.11.24"]
[SourceQuality "1"]

1. e4 e6 2. d4 d5 3. Nc3 Bb4 4. e5 c5 5. a3 Bxc3+ 6. bxc3 Ne7 7. h4 Qa5 8. Bd2 c4 9. h5 h6 10. Qg4 Rg8 11. Nf3 Nbc6 12. g3 Bd7 13. Bg2 0-0-0 14. Nh4 Qa4 15. Ra2 Qa5 16. Qf4 Rdf8 17. Qe3 Kb8 18. Ke2 Qd8 19. a4 Ka8 20. Bc1 Re8 21. Ba3 Qa5 22. Rha1 Rd8 23. Bc5 Rge8 24. Rb1 Nb8 25. Bb4 Qc7 26. Qc1 Bc6 27. Qa3 Na6 28. Bd6 Qd7 29. a5 Nc8 30. Bb4 Qc7 31. Rab2 Qd7 32. Bc5 Nxc5 33. Qxc5 a6 34. f4 Qe7 35. Qb4 Qxb4 36. cxb4 Bb5 37. c3 Ne7 38. Bh3 Nc6 39. Ke3 Ne7 40. Rf1 Bd7 41. g4 g6 42. f5 g5 43. fxe6 Bxe6 44. Nf5 Nxf5+ 45. gxf5 Bd7 46. Kf3 Rf8 47. Kg4 Rde8 48. Kg3 Rd8 49. Re2 Rfe8 50. Rfe1 Re7 51. f6 Ree8 52. Bxd7 Rxd7 53. e6 fxe6 54. Rxe6 Rxe6 55. Rxe6 Kb8 56. Kg4 Kc7 57. Kf5 Rf7 58. Kg6 Rf8 59. Kg7 Rd8 60. f7 Kd7 61. Re5 1-0

[Event "Bad Sooden-Allendorf Seniors op 14th"]
[Site "Bad Sooden-Allendorf"]
[Date "2002.04.23"]
[Round "2"]
[White "Burmeister, Klaus"]
[Black "Schumacher, Ursula"]
[Result "1-0"]
[WhiteElo "1800"]
[BlackElo "1530"]
[PlyCount "107"]
[EventDate "2002.04.??"]
[EventType "swiss"]
[EventRounds "9"]
[EventCountry "GER"]
[SourceTitle "EXT 2006"]
[Source "ChessBase"]
[SourceDate "2005.11.24"]
[SourceVersion "1"]
[SourceVersionDate "2005.11.24"]
[SourceQuality "1"]

1. d4 c6 2. c4 d5 3. cxd5 cxd5 4. Nf3 Bf5 5. Qb3 b6 6. Nc3 e6 7. Bf4 Bd6 8. Bg3 Ne7 9. e3 Nbc6 10. Bb5 0-0 11. 0-0 h6 12. Ne5 Nxe5 13. dxe5 Bc7 14. Rac1 a6 15. Be2 Nc6 16. f4 Na5 17. Qd1 b5 18. b3 Bb6 19. Bf2 Bh7 20. Bf3 Rc8 21. Qe2 Qe7 22. Rfd1 Rc7 23. e4 Bxf2+ 24. Qxf2 dxe4 25. Nxe4 Bxe4 26. Bxe4 Rfc8 27. Rxc7 Qxc7 28. Qd4 g6 29. Kf1 Nc6 30. Qd6 Qxd6 31. Rxd6 Nb8 32. Ke2 Kf8 33. Kd2 Ke7 34. Bb7 Rd8 35. Rxd8 Kxd8 36. Kc3 Kc7 37. Be4 Kb6 38. b4 Nc6 39. Bxc6 Kxc6 40. Kd4 Kb6 41. g4 Kc6 42. Ke4 Kd7 43. Kd4 Kc6 44. h3 Kb6 45. a3 Kc6 46. Ke4 Kd7 47. h4 h5 48. gxh5 gxh5 49. f5 Kc6 50. f6 Kb6 51. Kf4 Kc6 52. Kg5 Kd5 53. Kxh5 Kxe5 54. Kg5 1-0

[Event "Bad Sooden-Allendorf Seniors op 14th"]
[Site "Bad Sooden-Allendorf"]
[Date "2002.04.22"]
[Round "1"]
[White "Hopp, Barbara"]
[Black "Burmeister, Klaus"]
[Result "1/2-1/2"]
[WhiteElo "1449"]
[BlackElo "1800"]
[PlyCount "81"]
[EventDate "2002.04.??"]
[EventType "swiss"]
[EventRounds "9"]
[EventCountry "GER"]
[SourceTitle "EXT 2006"]
[Source "ChessBase"]
[SourceDate "2005.11.24"]
[SourceVersion "1"]
[SourceVersionDate "2005.11.24"]
[SourceQuality "1"]

1. e4 e6 2. d4 d5 3. e5 c5 4. c3 Qb6 5. Nf3 Nc6 6. Be2 cxd4 7. cxd4 Nh6 8. Nc3 Nf5 9. Bb5 Bd7 10. Bxc6 Bxc6 11. 0-0 Be7 12. b3 a5 13. Bb2 a4 14. Rc1 h5 15. h3 Kd7 16. Ne2 g5 17. Qd2 Rag8 18. Ng3 Nh4 19. Qd1 g4 20. hxg4 hxg4 21. Nh2 axb3 22. axb3 Rh7 23. Nxg4 Rgh8 24. f3 Ng6 25. Ra1 Nf4 26. Qd2 Nh5 27. Ne2 Bb5 28. Rfd1 Ba6 29. Ba3 Bxe2 30. Qxe2 Nf4 31. Qd2 Rh1+ 32. Kf2 Rxd1 33. Qxd1 Qb5 34. Bxe7 Kxe7 35. Kg3 Ne2+ 36. Kf2 Nf4 37. Qc2 Qb6 38. Ke3 Ng6 39. Rc1 Rd8 40. Qc5+ Qxc5 41. Rxc5 1/2-1/2